South Eastern Kenya University

Library Online Public Access Catalogue


The Chemical Bond in Inorganic Chemistry (Record no. 1991)

MARC details
000 -LEADER
fixed length control field 00544cam a22001452 b4500
020 ## - ISBN
International Standard Book Number 9780199298815
020 ## - ISBN
International Standard Book Number 0199298815 (Perfect)
Terms of availability USD 85.00 Retail Price (Publisher)
050 #4 - LIBRARY OF CONGRESS CALL NUMBER
Classification Number QD461
100 1# - MAIN ENTRY--Author
Personal name Brown, I. David
245 14 - TITLE
Title The Chemical Bond in Inorganic Chemistry
Medium [electronic resource]:
Remainder of title The Bond Valence Model
260 ## - PUBLICATION, DISTRIBUTION, ETC.(IMPRINT)
Place of publication, distribution, etc New York :
Name of publisher, distributor, etc Oxford University Press, Incorporated
Date of publication, distribution, etc July 2006
650 ## - SUBJECT--TOPIC
Topical term following geographic name as entry element Inorganic compounds , Chemistry, Inorganic
856 40 - URL/ELECTRONIC LOCATION AND ACCESS
Uniform Resource Identifier <a href="http://www.columbia.edu/cgi-bin/cul/resolve?clio8182560">http://www.columbia.edu/cgi-bin/cul/resolve?clio8182560</a>
942 ## - ADDED ENTRY ELEMENTS(KOHA)
Koha item type General circulation
Holdings
Source of classification or shelving scheme Not for loan Location (home branch) Sublocation (holding branch) Date accessioned Cost, normal purchase price Full call number Barcode Cost, replacement price Koha item type Public note
Library of Congress Classification   Main Campus Library Main Campus Library 26/08/2014 6076.08 QD 461 .B83 2002 2019/021987 6576.00 General circulation amm
Library of Congress Classification   Main Campus Library Main Campus Library 26/08/2014 6076.08 QD461 B83 2002 2019/022312 6576.00 General circulation amm
Library of Congress Classification   Main Campus Library Main Campus Library 26/08/2014 6076.08 QD 461 .B83 2002 2019/021986 6576.00 General circulation amm
Kitui, Kenya.
+254736116989
library@seku.ac.ke